| 000 | 00475nam a22001817a 4500 | ||
|---|---|---|---|
| 999 |
_c6195 _d6193 |
||
| 005 | 20210826125047.0 | ||
| 008 | 200517b xxu||||| |||| 00| 0 eng d | ||
| 020 | _a9789387085794 | ||
| 041 | _aeng | ||
| 082 | _a612 YAL | ||
| 100 |
_aYALAYYA SWAMY _95362 |
||
| 245 | _aHUMAN ANATOMY AND PHYSIOLOGY FOR DIPLOMA IN PHARMACY | ||
| 250 | _a1'ST | ||
| 260 |
_aNew Delhi _bC B S Publishers and Distributors _c2020 |
||
| 300 | _a320, v | ||
| 650 |
_aPHARMACY _96735 |
||
| 942 | _cBK | ||